Responsabilidad social corporativa (Registro nro. 3693)

Detalles MARC
000 -LEADER
fixed length control field 01619 a2200241 4500
001 - CONTROL NUMBER
control field 43514
005 - DATE AND TIME OF LATEST TRANSACTION
control field 20260407155717.0
008 - FIXED-LENGTH DATA ELEMENTS--GENERAL INFORMATION
fixed length control field 260407a2012 arg spa d
003 - CONTROL NUMBER IDENTIFIER
control field AR-UNSa-BCEJYS
040 ## - CATALOGING SOURCE
Original cataloging agency AR-UNSa-BCEJYS
Language of cataloging spa
Transcribing agency AR-UNSa-BCEJYS
080 ## - UNIVERSAL DECIMAL CLASSIFICATION NUMBER
Universal Decimal Classification number 174:65
Common auxiliary subdivision Etica en gestión y organización de la industria (Responsabilidad Social Empresaria)
020 ## - INTERNATIONAL STANDARD BOOK NUMBER
International Standard Book Number 978-607-707-684-1
041 ## - LANGUAGE CODE
Language code of text/sound track or separate title spa
100 1# - MAIN ENTRY--PERSONAL NAME
Personal name Navarro García, Fernando
245 10 - TITLE STATEMENT
Title Responsabilidad social corporativa
Name of part/section of a work teoría y práctica
250 ## - EDITION STATEMENT
Edition statement 2a. ed.
264 #1 - PRODUCTION, PUBLICATION, DISTRIBUTION, MANUFACTURE, AND COPYRIGHT NOTICE
Place of production, publication, distribution, manufacture México :
Name of producer, publisher, distributor, manufacturer Alfaomega
Date of production, publication, distribution, manufacture, or copyright notice 2012
300 ## - PHYSICAL DESCRIPTION
Extent 447 p.
Dimensions 23 cm.
505 ## - FORMATTED CONTENTS NOTE
Formatted contents note 1. De la ética a la responsabilidad social corporativa - 2. Los grupos de interés o "stakeholders" - 3. Transparencia y comunicación externa de la RSC - 4. El impulso político de la RSC en España y Europa - 5. Normas y declaraciones internacionales de RSC - 6. Otras normas e iniciativas internacionales de RSC - 7. Consecuencias prácticas de la responsabilidad social - 8. RSC y estrategias comunicativas sociales: el marketing social - 9. La responsabilidad de la ONG´s: el código ético de la CONGDE - 10. Relaciones responsables de empresas y ONG - 11. La responsabilidad de las empresas en el desarrollo humano - 12. RSC, corrupción y soborno internacional - 13. RSC, conflictos armados y desarrollo - 14. Fondos solidarios y fondos éticos - 15. Conclusiones: La RS ha llegado para quedarse - 16. Epílogo
590 ## - LOCAL NOTE (RLIN)
Local note niveau_biblio:m niveau_hierar:0
856 41 - ELECTRONIC LOCATION AND ACCESS
Uniform Resource Identifier <a href="https://biblioeco.unsa.edu.ar/pmb/images/libros/L126663.jpg">https://biblioeco.unsa.edu.ar/pmb/images/libros/L126663.jpg</a>
Link text Imagen de portada
Electronic format type image/jpeg
942 ## - ADDED ENTRY ELEMENTS (KOHA)
Koha item type
Existencias
Withdrawn status Lost status Damaged status Not for loan Home library Current library Shelving location Date acquired Total checkouts Full call number Barcode Date last seen Price effective from Koha item type
        Biblioteca Prof. Eusebio Cleto del Rey Biblioteca Prof. Eusebio Cleto del Rey   07/04/2026   174:65 N319 2ed. L126663 07/04/2026 07/04/2026 Libro
        Biblioteca Prof. Eusebio Cleto del Rey Biblioteca Prof. Eusebio Cleto del Rey   07/04/2026   174:65 N319 2ed. L126664 07/04/2026 07/04/2026 Libro
        Biblioteca Prof. Eusebio Cleto del Rey Biblioteca Prof. Eusebio Cleto del Rey   07/04/2026   174:65 N319 2ed. L126665 07/04/2026 07/04/2026 Libro